000 00730nam a2200217 a 4500
003 MX-MxUPN
005 20241129092600.0
008 991125s1939 mx a r 000 0 spa d
035 _aUPN01000020326
040 _aMX-MxUPN
_bspa
_cMX-MxUPN
041 0 _aspa
050 1 4 _aPZ74.9
_bA4 no.18
100 0 _aAntoniorrobles,
_d1895-1983
_928525
245 1 0 _aEntre la nieve hubo siete soldaditos de juguete
260 _aMéxico :
_bEstrella,
_c1939.
300 _a78 páginas :
_bilustraciones
490 0 _aAleluyas de rompetacones ;
_v18
505 0 0 _tUn rosal que daba rosas, soldaditos y otras cosas --
_tUn juguete extraordinario con forma de dromedario
650 4 _aCuentos infantiles españoles
_97725
999 _c20326
_d20326